00764nam a2200205Ia 4500003000900000005001700009008004100026040001300067040001300080041000800093100002300101100000800124245011800132250001200250260001100262260000900273300001700282490000600299600025300305IT-RoPAU20220918175456.0120407s9999 xx 000 0 und d aIT-RoPAU cIT-RoPAU aita aTommaso d’Aquino csan aLa Somma teologica. Traduzione e commento a cura dei domenicani italiani, testo latino dell’edizione leonina... aFirenze aSalani c1949 c20,5 vol. cm v1 a"Tito. orig.; Summa Teologica. XXX. Scomunica e indulgenze, Estrema unzione e Ordine sacro (Suppl. qq. 21-40). 1971 pp. 357 L. 3800.A cura di T. S. Centi, A. Urru. B:N:I: ,1972, n. 1389. I -Centi, Tito Sante II- Urru, Angelo. 230. BNI 72-5416*"